[Event "TUR-chT 2nd League"]
[Site "Konya"]
[Date "2019.07.22"]
[Round "1.10"]
[White "Karatas, Duygu"]
[Black "Acar, Ilayda"]
[Result "1/2-1/2"]
[WhiteElo "1248"]
[BlackElo "1346"]
[PlyCount "152"]
[EventDate "2019.07.22"]
[EventType "team-swiss"]
[EventRounds "9"]
[EventCountry "TUR"]
[SourceTitle "CBM 191 Extra"]
[Source "ChessBase"]
[SourceDate "2019.09.30"]
[SourceVersion "1"]
[SourceVersionDate "2019.09.30"]
[SourceQuality "1"]
[WhiteTeam "Hayat Genclik"]
[BlackTeam "Dogukisla Genclik Spor"]
[WhiteTeamCountry "TUR"]
[BlackTeamCountry "TUR"]

1. e4 c5 2. Nf3 d6 3. d4 cxd4 4. Nxd4 Nf6 5. Nc3 a6 6. Be2 e5 7. Nb3 Be6 8. Be3 Be7 9. 0-0 0-0 10. f3 Nbd7 11. Qd2 Rc8 12. Rad1 Qc7 13. Kh1 b5 14. a3 Rfd8 15. Rc1 Nc5 16. Qd1 Nxb3 17. cxb3 Qb7 18. b4 d5 19. exd5 Bxd5 20. Qe1 Be6 21. Qf2 Nd5 22. Nxd5 Bxd5 23. Rfd1 Bb3 24. Rxd8+ Rxd8 25. Qg3 Bf6 26. Bg5 Qe7 27. Bxf6 Qxf6 28. Qg4 Be6 29. Qe4 Bf5 30. Qc6 Qxc6 31. Rxc6 Rd2 32. g4 Be6 33. Rxa6 Bd5 34. Rb6 g6 35. Rxb5 Bc6 36. Rxe5 Rxb2 37. Kg1 Rb3 38. Rc5 Bxf3 39. Bxf3 Rxf3 40. a4 Rf4 41. Rb5 Rxg4+ 42. Kf2 Rf4+ 43. Kg3 Rc4 44. a5 Rc3+ 45. Kf2 Ra3 46. Re5 Ra4 47. Re4 Kg7 48. Kf3 f5 49. Re7+ Kf6 50. Rb7 Ra3+ 51. Kf2 Ra2+ 52. Kg1 Kg5 53. Rxh7 Kg4 54. Rh6 g5 55. a6 Kf3 56. Rh3+ Kg4 57. Rg3+ Kf4 58. b5 Ra1+ 59. Kg2 Ra2+ 60. Kh1 Ra5 61. Rg1 Rxb5 62. Ra1 Rb8 63. a7 Ra8 64. Ra5 Kg4 65. Kg2 Kh4 66. h3 f4 67. Ra4 Kh5 68. Ra6 g4 69. hxg4+ Kxg4 70. Ra4 Kf5 71. Kf3 Ke6 72. Kxf4 Kd7 73. Ke5 Kc6 74. Kd4 Kb7 75. Kc5 Rxa7 76. Rxa7+ Kxa7 1/2-1/2